Knihy
Uloženo v:
LEADER 01751nam a2200457 a 4500
001 000584958
003 CZ BrMZK
005 20070413092203.0
007 ta
008 020125s2001 xr g f cze d
015 |a cnb001067094 
020 |a 80-242-0686-2 
035 |a (OCoLC)51186632 
040 |a BOA001  |b cze 
041 1 |a cze  |h eng 
043 |a pobp---  |a p------ 
072 7 |a 821.111(73)-3  |x Americká próza  |2 Konspekt  |9 25 
080 |a 821.111(73)-31  |2 MRF 
080 |a 355.483(935)"1942/1943"  |2 MRF 
080 |a 355.46  |2 MRF 
080 |a 94(100)"1939/1945"  |2 MRF 
080 |a 94(935)  |2 MRF 
080 |a (9)  |2 MRF 
080 |a (0:82-311.6)  |2 MRF 
100 1 |a Jones, James,  |d 1921-1977  |7 jn20010601066  |4 aut 
245 1 0 |a Tenká červená linie /  |c James Jones ; [z anglického originálu přeložil David Petrů] 
250 |a Vyd.1. 
260 |a V Praze :  |b Knižní klub,  |c 2001 
300 |a 637 s. ;  |c 21 cm 
650 0 7 |a Guadalcanal, bitva, 1942-1943  |7 ph118769  |2 czenas 
650 0 7 |a námořní operace  |7 ph123416  |z Tichý oceán-oblast  |y 1942-1943  |2 czenas 
650 0 7 |a druhá světová válka, 1939-1945  |7 ph117270  |z Šalomounovy ostrovy  |2 czenas 
655 7 |a americké romány  |7 fd131796  |2 czenas 
655 7 |a válečné romány  |7 fd133831  |2 czenas 
651 7 |a Guadalcanal (Šalamounovy ostrovy : ostrov)  |7 ge138003  |x dějiny  |y 1942-1943  |2 czenas 
700 1 |a Petrů, David,  |d 1979-  |7 jn20001005466  |4 trl 
765 0 |t <<The >>thin red line 
856 4 1 |u http://www.digitalniknihovna.cz/mzk/uuid/uuid:d3583a10-6c34-11e2-bb2a-005056827e51  |y Digitalizovaný dokument  |x NDK 
910 |a BOA001  |b 2-1095.579 
990 |a BK 
996 6 |b 2610152690  |c 2-1095.579  |l MZK  |r Sklad / do 1 hodiny  |n 6  |p p.v.  |w 000584958  |u 000010  |a 1  |e BOA001  |j MZK50  |s P